00460nam a2200181 a 4500001001300000003000900013005001700022008004100039020001000080082001500090100002300105245002500128260004800153300000900201500003500210505001000245700002300255nice12345678IN_TiNIC20260116011904.0050524s1955 cala grp 000 0 eng  ac10000a150.1bLAN aLangstroth, Lovell aStructure of the Ego aCaliforniabStanford University Pressc1955 a149p aincludes index and biblioraphy2 aIndex1 aLangstroth, Lovell